000 00596nam a22001937a 4500
999 _c18554
_d18554
003 AR-CdUCM
008 190514b ||||| |||| 00| 0 spa d
040 _aMUNICIPALIDAD PROVINCIAL DEL CUSCO
_cBIBLIOTECA MUNICIPAL DEL CUSCO
082 _a869.56 /
_bP45
100 _aPérez Ocampo, Gustavo
_960
245 _aPoemas de Gustavo Pérez Ocampo /
260 _aCusco :
_bGustavo Pérez Ocampo,
300 _a46 páginas ;
_c30 cm.
505 _aContenido: Poemas
650 _aLiteratura peruana
_9169
650 _aPoemas cusqueños
_917957
942 _2ddc
_cLIBROS
945 _aacv
_d2019-05-14